An overview of theologians' positions: a review of major writings and the state of the question today (Registro nro. 70572)
[ vista simple ]
| 000 -LÍDER | |
|---|---|
| Campo fijo de descripción fija | 01405nab a2200241 i 4500 |
| 001 - NÚMERO DE CONTROL | |
| Campo de control | 768714001 |
| 003 - IDENTIFICADOR DEL NÚMERO DE CONTROL | |
| Campo de control | CO-MdFUSB |
| 005 - FECHA Y HORA DE LA ULTIMA TRANSACCIÓN | |
| control field | 20240724085741.0 |
| 008 - ELEMENTOS DE LONGITUD FIJA -- INFORMACIÓN GENERAL | |
| Campo fijo de descripción fija -- Información general | 240724t1990 enk||||| |||| 00| 0 eng d |
| 040 ## - FUENTE DE CATALOGACIÓN | |
| Idioma de catalogación | spa |
| Agencia que realiza la transcripción | CO-MdFUSB |
| Agencia que realiza la modificación | CO-MdFUSB |
| 041 ## - CÓDIGO DE IDIOMA | |
| Código de idioma para texto/pista de sonido o título separado | eng |
| 100 ## - ASIENTO PRINCIPAL--NOMBRE PERSONAL | |
| Nombre personal | Valentini, Donato, |
| Término relacionador | autor |
| 245 ## - TÍTULO | |
| Título | An overview of theologians' positions: a review of major writings and the state of the question today |
| Mención de responsabilidad | / Donato Valentini ; traducido por John Bowden |
| 520 ## - NOTA DE RESUMEN, ETC. | |
| Nota de sumario, etc. | El estudio de las posiciones teológicas y sus desarrollos es llevado a cabo por Donato Valentini, con un enfoque en los problemas y las propuestas de la literatura sobre la colegialidad episcopal después del Concilio. No se procederá estrictamente según categorías históricas y teológicas analizando las ideas de los autores individuales una por una, sino de manera lógica y sistemática e intentará relacionar críticamente las contribuciones de los autores con esta base. |
| 546 ## - NOTA DE IDIOMA | |
| Nota de idioma | Texto en inglés. |
| 650 #7 - ASIENTO SECUNDARIO DE MATERIA - TERMINO TEMÁTICO | |
| Término temático o nombre geográfico como elemento de entrada | Iglesia |
| 9 (RLIN) | 655 |
| 650 #7 - ASIENTO SECUNDARIO DE MATERIA - TERMINO TEMÁTICO | |
| Término temático o nombre geográfico como elemento de entrada | Teología dogmática |
| 9 (RLIN) | 6937 |
| 650 #7 - ASIENTO SECUNDARIO DE MATERIA - TERMINO TEMÁTICO | |
| Término temático o nombre geográfico como elemento de entrada | Clero -- |
| Término temático que sigue al nombre geográfico como elemento de entrada | Actividad política |
| 9 (RLIN) | 41 |
| 700 1# - ENTR. SECUNDARIA - Nombre Personal (R) | |
| Nombre de persona | Bowden, John |
| Fechas | 1935-2010 |
| Término indicativo de función | traductor |
| 773 0# - ASIENTO DE ITEM FUENTE | |
| Biblionumber | 70507 |
| Itemnumber | 82841 |
| Lugar, editorial y fecha de publicación | Londres : Board, 1966. |
| Otro identificador del ítem | R2693 |
| Título | Concilium : |
| Número de control del registro | (CO-MdFUSB)768714001 |
| Número Internacional Normalizado para Publicaciones Seriadas (ISSN) | 0010-5236 |
| Parte(s) relacionada(s) / Volumen., número. (mes año), páginas | Número 4, (agosto, 1990), páginas: 31 - 42 |
| Enumeración y primera página | página: 31 |
| 942 ## - TIPO DE MATERIAL (KOHA) | |
| Tipo de Item KOHA | Artículos de Revista |
| 945 ## - INFORMACIÓN LOCAL DEL REGISTRO | |
| Catalogador | Catherine Arias Álvarez - Practicante SENA |
No hay ítems disponibles.
